000 00222nam a22000977a 4500
082 _a356.1 INF'A
245 _aINFANTRY MADIAN JANG MAIN
260 _aRAWALPINDI
_bARMY EDUCATION PRESS
_c1990
300 _a328P
942 _cBK
999 _c585463
_d585463